Athletes Who Wore #9 - Statistics

General Stats
  • This quiz has been taken 70 times
  • The average score is 10 of 20
Answer Stats
Team Years Player % Correct
New Orleans Saints 2006-2020 Drew Brees
93%
Cincinnati Bengals 2020- Joe Burrow
88%
Detroit Lions 2009-2020 Matthew Stafford
83%
Dallas Cowboys 2004-2016 Tony Romo
83%
Team USA Basketball 1984, 1992 Michael Jordan
77%
San Antonio Spurs 2002-2018 Tony Parker
75%
Boston Celtics 2007-2015 Rajon Rondo
58%
Boston Red Sox 1939-1942,1946-1960 Ted Williams
53%
Detroit Red Wings 1947-1971 Gordie Howe
47%
Tennessee Titans 1999-2005 Steve McNair
47%
Cincinnati Bengals 2004-2010 Carson Palmer
43%
Baltimore Ravens 2012- Justin Tucker
35%
Chicago Blackhawks 1963-1972 Bobby Hull
33%
Dallas Stars 1993-2010 Mike Modano
32%
New York Yankees 1960-1966 Roger Maris
32%
Montreal Canadiens 1943-1960 Maurice Richard
30%
St. Louis Hawks 1956-1965 Bob Pettit
28%
Oakland Athletics 1968-1975 Reggie Jackson
25%
Mud Dogs (Fictional) 1998 Bobby Boucher
17%
Washington Redskins 1964-1974 Sonny Jurgensen
15%
No matching quizzes found
Score Distribution
Percent of People with Each Score
Percentile by Number Answered
Your Score History
You have not taken this quiz